000 01181nam a22002777a 4500
005 20240530110616.0
008 161128s2015 ua g b 000 0 ara d
017 _a17012
_bمصر . دار الكتب المصرية
020 _a9789774103403
040 _aEG-CaGPL
082 0 4 _221
_a189\
_bم ع
100 0 _aمحمد ممدوح علي عبدالمجيد
245 1 2 _aالعدالة من المفهوم إلى الاجراء :
_bدراسة في المنجز الفلسفي من السوفسطائيين حتى شيشرون /
_cمحمد ممدوح علي عبدالمجيد ؛ تصدير علي عبود المحمداوى
250 _aط. 1
260 _aالمنصورة :
_bالمكتبة العصرية للنشر و التوزيع ،
_c2015.
300 _a186 ص. ؛
_c24 سم.
504 _aببليوجرافية : ص 167 - 183
600 1 _aشيشرون
650 0 7 _2qrmak
_aالمساواة
650 0 7 _2qrmak
_aالفلسفة اليونانية
650 0 7 _2qrmak
_aالعدل
650 0 7 _2qrmak
_aالسفسطائية
700 0 _aعلي عبود المحمداوي
_eمصدر
942 _2ddc
_cBK
999 _c62969
_d62969